000 00486nam a2200169 i 4500
001 51534
003 ES-MaACL
005 20230906162400.0
007 t|
008 030813s1969 sp ||||1| cat d
100 1 _aDalmau, José.
_942514
245 1 2 _aL'Església subterráania
_b: o La missa secularitzada /
_cJosep Dalmau.
260 _a[Barcelona] :
_bLavinia,
_c[1969]
300 _a317 p. ;
_c18 cm.
740 3 _aLa missa secularitzada.
852 _aES-MaACL
_jC-50834
_bR.70889
999 _c51534
_d51534